The Teachings of Don Juan : A Yaqui Way of Knowledge /

Збережено в:
Бібліографічні деталі
Автор: Castaneda, Carlos (autor)
Інші автори: Goldschmidt, Walter (prólogo) (prólogo)
Формат: Книга
Мова:Англійська
Опубліковано: Nueva York, EUA : Ballantine Books, 1973, c1968
Редагування:14a edición
Предмети:
Теги: Додати тег
Немає тегів, Будьте першим, хто поставить тег для цього запису!

MARC

LEADER 00000nam^a2200000^a^4500
001 000186985
005 20250521000000.0
009 20260310102244.111
020 |a 345-02656-X-125 
037 |a Acervo ITESO - Biblioteca 
041 |a ING 
082 |a 306. 0899745  |b CAS 
100 |a Castaneda, Carlos  |e (autor) 
240 1 5 |a [Las enseñanzas de don Juan] 
245 1 4 |a The Teachings of Don Juan :  |b A Yaqui Way of Knowledge /  |c J. Castaneda ; pról. de W. Goldschmidt. 
250 |a 14a edición 
264 4 |a Nueva York, EUA :  |b Ballantine Books,  |c 1973, c1968 
300 |a VIII, 276 p. 
336 |a texto  |b txt  |2 rdacontenido 
337 |a sin mediación  |b n  |2 rdamedio 
338 |a volumen  |b nc  |2 rdasoporte 
545 0 |a Carlos Castaneda (1925-1998), fue un antropólogo y escritor de origen peruano, nacionalizado estadounidense quien, luego de entrar en contacto con los indígenas yaquis, especialmente bajo la guía de Don Juan Matus, se inició en la práctica del nahualismo. Escribió una serie de libros en los que divulgaba las tradiciones indígenas de México por el mundo, libros que han sido objeto de controversia, ya que sus defensores afirman que poseen un valor antropológico y sus críticos señalan que no son verificables como obras de antropología, ni existe un acuerdo entre los estudios realizados por antropólogos entre los yaquis y la doctrina que atribuye a Don Juan. Dado que nunca presentó evidencias de la existencia de este personaje, se ha llegado a firmar que Don Juan Matus nunca existió, sino que se trata de una personificación que amalgama diversos indígenas mexicanos y chamanes con los que estuvo en contacto ya sea en México o en su natal Cajamarca, Perú. Castaneda aseguraba haberse convertido en chamán nahual tolteca; sus prácticas de chamanismo y nahualismo, que denotan también una fuerte influencia de las artes marciales, y en las que entraban en juego el peyote (el mescalito) y otras sustancias psicotrópicas o alucinógenas, dejaron profunda huella en sus aprendices y seguidores. Entre sus publicaciones se encuentran Las enseñanzas de Don Juan (1968); Relatos de poder (1975); El don del águila (1981); y El arte de soñar (1993). 
649 |a XX 
650 |a Yaquis -  |x Condiciones Sociales y Culturales -  |x Tema Principal 
650 |a Indígenas de México -  |x Condiciones Sociales y Culturales 
650 |a Alucinógenos 
650 |a Chamanismo 
650 |a Prácticas Culturales 
650 |a Epistemología 
650 |a Etnología 
650 |a Antropología Cultural 
700 |a Goldschmidt, Walter  |e (prólogo) 
910 |a Fondo General 
920 |a Impresos - Libros 
930 |a Colección General 
905 |a 101 
901 |a 0500400312  |b IT1  |c ACC  |i D75537  |u 20250521 
902 |a https://opac.biblio.iteso.mx/vufind/Record/000186985